Chińskie wynalazki - Statystyki

Ogólne statystyki
  • Ten quiz został rozwiązany 12 razy
  • Średni wynik to 8 z 20
Statystyki odpowiedzi
Wskazówka Wynalazek % Poprawnych
Wersja chińska wskazywała na południe Kompas
89%
Materiały do ​​pisania Papier
89%
Wieki przed Gutenbergiem... Druk
78%
Sztućce do jedzenia Pałeczki do jedzenia
78%
Pirotechnika Fajerwerki
67%
Materiał ceramiczny nazwany na cześć państwa Chińska porcelana
56%
Tkanina luksusowa Jedwab
56%
Substancja wybuchowa na bazie saletry Proch strzelniczy
56%
Pachnący materiał do palenia Kadzidło
44%
Naczynie do gotowania, używane do smażenia na patelni Wok
44%
Bomba wybuchowa do rzucania Granat ręczny
33%
Odmiany obejmują Oolong i Longjing Herbata
33%
Latająca zabawka Latawiec
33%
Popularna gra z 144 kafelkami Mahjong
22%
Twaróg sojowy prasowany Tofu
22%
Konieczność pokera Karty
11%
Co Marco Polo rzekomo przywiózł do Włoch Kluski
11%
Alternatywa dla bidetu Papier toaletowy
11%
Karp udomowiony Złota rybka
11%
Paski na stopy dla jeźdźców Strzemię
0%
Nie znaleziono quizów pasujących do podanych kryteriów
Rozkład punktacji
Procent ludzi z każdym wynikiem
Percentyl według liczby udzielonych odpowiedzi
Twoja historia wyników
Nie rozwiązałeś tego quizu